LIBRARY & INFORMATION CENTRE, KCAET, TAVANUR

ONLINE PUBLIC ACCESS CATALOGUE (OPAC)

Prince and the rebel / (Record no. 4880)

MARC details
000 -LEADER
fixed length control field 00381cam a2200145ua 4500
041 ## - LANGUAGE CODE
Language code of text/sound track or separate title eng
082 ## - DEWEY DECIMAL CLASSIFICATION NUMBER
Classification number 241
Item number NEA/PR
100 ## - MAIN ENTRY--AUTHOR NAME
Personal name Neall, Beatrice Short .
245 ## - TITLE STATEMENT
Title Prince and the rebel /
260 ## - PUBLICATION, DISTRIBUTION, ETC. (IMPRINT)
Place of publication Poona :
Name of publisher Oriental Watchman Publishing House ,
Year of publication 1964.
300 ## - PHYSICAL DESCRIPTION
Number of Pages 171.
942 ## - ADDED ENTRY ELEMENTS (KOHA)
Koha item type Books
Holdings
Withdrawn status Lost status Damaged status Home library Current library Date acquired Full call number Accession Number Koha item type
Withdrawn     KAUAET Sanskrit University 07/04/2012 241 12107 Books
free website counter